| 000 | 00927nam a2200253 i 4500 | ||
|---|---|---|---|
| 001 | bgj | ||
| 100 | 1 | _aGRIFFEE, Dale T. | |
| 245 | 1 | 0 |
_aSongs in Action / _cDale T. Griffee. |
| 260 |
_aNew York : _bPrentice Hall International, _c1992. |
||
| 300 |
_aXI, 173 pp ; _c24 cm. |
||
| 490 | 1 | _aLanguage Teaching Methodology Series / Christopher N. Candlin, gen. ed.. Classroom Techniques Methodology Series | |
| 504 | _aBibliography p. 157-162. | ||
| 505 | _aIncludes indexes. | ||
| 650 | 9 |
_aEnglish language _xStudy and teaching _xForeign speakers |
|
| 650 | 9 | _aMusic in education | |
| 650 | 9 | _aActivity programmes in education | |
| 830 | 0 |
_aLanguage Teaching Methodology Series (Christopher N. Candlin, gen. ed.). _pClassroom Techniques Methodology Series |
|
| 020 | _a0138249881 (pbk) | ||
| 040 | _cBPK | ||
| 041 | 0 | _aeng | |
| 920 | _a0-13-824988-1 (pbk) | ||
| 942 | _cKS | ||
| 008 | s uk f |000 0 eng | ||
| 999 |
_c48071 _d48071 |
||
| 856 |
_uhttp://koha.tu.koszalin.pl/cgi-bin/koha/opac-detail.pl?biblionumber=48071 _yKatalog online BPK |
||